000
00326nam a2200121Ia 4500
008
220204s9999 xx 000 0 und d
082
_a
543.51
_b
DEL
100
_a
De Leenheer, A P
245
0
_a
Quantitative mass spectroscopy in life sciences
260
_a
Amsterdam
_b
Elseevier
_c
1977
700
_a
Roncucci, R R
942
_c
BK
999
_c
28983
_d
28983